MARC

LEADER 00000nam0a2200000 4500
001 283343
005 20231101235604.0
035 |a (RuTPU)RU\TPU\book\307406 
090 |a 283343 
100 |a 20150206d1984 m y0rusy50 ca 
101 0 |a rus 
102 |a RU 
105 |a y j 000zy 
200 1 |a Научно-технических прогресс и экономика  |e учебное пособие для школ коммунистического труда  |f под ред. В. А. Белянова, В. Д. Камаева, Ю. П. Чаплыгина 
205 |a 2-е изд., доп. 
210 |a Москва  |c Профиздат  |d 1984 
215 |a 224 с. 
225 1 |a Система экономического образования 
606 1 |a Научно-технический прогресс  |y СССР  |y Россия  |2 stltpush  |3 (RuTPU)RU\TPU\subj\36489  |9 57849 
610 1 |a экономика 
610 1 |a НТП 
610 1 |a социалистическое общество 
610 1 |a производительность труда 
610 1 |a рост 
610 1 |a качество 
610 1 |a продукция 
610 1 |a фондоотдача 
610 1 |a материалоемкость 
610 1 |a себестоимость 
610 1 |a снижение 
610 1 |a техническое творчество 
610 1 |a учебные пособия 
686 |a У9(2)0-551я7  |v LBC/SL-A  |2 rubbk 
702 1 |a Белянов  |b В. А.  |4 340 
702 1 |a Камаев  |b В. Д.  |4 340 
702 1 |a Чаплыгин  |b Ю. П.  |4 340 
801 1 |a RU  |b 63413507  |c 20150206 
801 2 |a RU  |b 63413507  |c 20170918  |g RCR 
942 |c BK